MDQL
is popping MORE tags! Check the
thread
!
Quizzes
Events
Quiz Creation
Community
Videos
Private Events
Remove Ads
Sign In
Join for FREE
Feedback
Dark Mode
Quiz Categories
Sports
Geography
Music
Movies
Television
Just For Fun
Miscellaneous
History
Literature
Language
Science
Gaming
Entertainment
Religion
Holiday
For Kids
Quiz Lab
Recent
Popular Today
Quiz Kudos Today
Editor Picks
Curator Picks
Quizzes by...
Day
Popularity
Type
Ratings
Length
Year
Community
Subscriptions
Recent Discussions
Orange Saloon
Badges
Playlists
Quests
Create
Leaderboards
Showdown
Live 5
Trivia Bingo
Activity
Puzzle Library
Sporcle Events
Private Events
Virtual Trivia
Globe League
Become a Host
Pub Owners
SporcleCon
Opinionation
Our Games
Videos
Blog
Mobile Apps
Partnerships
Remove Ads and Go Orange
Feedback
Television
TV Characters
TV Show
Sitcom
Network
Friends
Reality Shows
Cast
South Park
Star Trek
The Simpsons
Doctor Who
Television
TV Characters
TV Show
Sitcom
Network
Friends
Reality Shows
Cast
South Park
Star Trek
The Simpsons
Doctor Who
Random Quiz
Search Sporcle
×
Quiz Lab
Quiz Lab
Television
Show
Type in answers that appear in a list
Type in answers that appear in a list
Classic
Best Score? Go Orange.
Precure Human Names Stats
Can you name the Precure and Alter Egos
By
Cure_Rasengan
10m
33 Questions
378 Plays
378 Plays
378 Plays
Comments
Comments
Give Quiz Kudos
Give Quiz Kudos
-
- Ratings
hide this ad
Replay
Link that replays current quiz
Next Quiz
Link to next quiz in quiz playlist
You Got
0%
They Got
Avg Score
64%
Avg Friend Score
Upgrade to see
Score Distribution
Jump to the score distribution portion of the page
Score
0/33
Timer
10:00
0
Plays Today
Last name comes before the first name
Answer
% Correct
Cure Black
Misumi Nagisa
78%
Cure White
Yukishiro Honoka
75.1%
Cure Dream
Yumehara Nozomi
74.3%
Cure Peach
Momozono Love
72.5%
Cure Blossom
Hanasaki Tsubomi
71.2%
Cure Heart
Aida Mana
69.8%
Cure Marine
Kurumi Erika
68.8%
Cure Bloom
Hyuuga Saki
68%
Cure Rouge
Natsuki Rin
68%
Cure Passion
Higashi Setsuna
67.2%
Cure Egret
Mishou Mai
66.7%
Cure Harmony
Hojou Hibiki
66.4%
Shiny Luminous
Kujou Hikari
65.9%
Cure Happy
Hoshizora Miyuki
64.8%
Cure Aqua
Minazuki Karen
63.5%
Cure Beauty
Aoki Reika
63.5%
Cure Pine
Yamabuki Inori
63.2%
Last name comes before the first name
Answer
% Correct
Cure Peace
Kise Yayoi
63%
Cure Lemonade
Kasugano Urara
62.4%
Cure Mint
Akimoto Komachi
62.2%
Cure Berry
Aono Miki
62.2%
Cure Moonlight
Tsukikage Yuri
62.2%
Cure March
Midorikawa Nao
61.4%
Milky Rose
Mimino Kurumi
61.1%
Cure Muse
Shirabe Ako
60.1%
Cure Beat
Kurokawa Ellen
59.8%
Cure Rosetta
Yotsuba Alice
59.5%
Cure Ace
Madoka Aguri
58.2%
Cure Rhythm
Minamino Kanade
56.1%
Cure Diamond
Hishikawa Rikka
55.3%
Cure Sunshine
Myoudouin Itsuki
55%
Cure Sunny
Hino Akane
54.8%
Cure Sword
Kenzaki Makoto
54%
Quiz Playlist
Details
Report
Send in Message
Add To Playlist
Classic:
Type in answers that appear in a list
Last Updated: Feb 16, 2017
Quiz Scoreboard
CHALLENGE
Sign Up to Join the Scoreboard
Show All
Scores
Hide
Comments
May contain spoilers
Recently Published
Image Sorting: Flags VI
by Barbecue
Geography
2m
Find the 'City' Movie
by crazypaving
Movies
60s
Colored Red Africa Blitz
by spor1
Geography
45s
More to Explore
Quiz From the Vault
Featured Blog Post
14 Easter Pick-up Lines to Find Eggs With
hide this ad
You Might Also Like...
Tags
Anime Quiz
Show Quiz
Superhero Quiz
cure
girl
Heroine
light
Pretty
Pretty Things
The Cure
Today's Top Quizzes in Television
Browse Television
hide this ad
Today's Top Quizzes in Show
Browse Show
Top Contributed Quizzes in Television
1
Survivor Journey Challenge
2
Brooklyn Nine Nine Logic Puzzle (How-To-Play)
3
Total Drama Characters
4
Adjectives in 00s TV Shows
5
Phoebe Buffay Quotes
6
Survivor Heroes vs. Villains Logic Puzzle
7
Survivor Trivia
8
Emmerdale Characters (from August 2012)
9
Game of Thrones: Tywin Lannister Start to Finish
10
Survivor Logic Puzzle: Heroes vs. Villains
Explore More
Trending Topics
Harry Potter
Anime
Crossword
Marvel
Disney
NBA
Kpop
Soccer
WWE
Puzzle
The Office
Pokémon
NFL
Song
Country
hide this ad
More By:
Cure_Rasengan
Quiz
Plays
Rating
Category
Featured
Created
Precure Human Names
378
Television
Nov 11, 2013
Go to Creator's Profile
Score Distribution
Quiz Creator Spotlight
Cure_Rasengan
Follow
Send a Message
Quizzes Created
-
Created Quiz Play Count
-
More By This Creator
Popular Quizzes Today
1
Colored Red Africa Blitz
2
Find the US States - No Outlines Minefield
3
Find the 'City' Movie
4
5x2 Blitz: Bands
5
The Countries of the World
6
Find the US States
7
Find the Countries of Europe - No Outlines Minefield
8
US States
More Television Quizzes
TV Quick Pick: Sherwood Schwartz
Quiz Lab
Trending Quizzes
Colored Red Europe Blitz I
Colored Red Europe Blitz II
Colored Red Africa Blitz II
Colored Red Europe Blitz III
Colored Red Africa Blitz III
Recently Updated
How Do You Spell That?
pecheneg
Godzilla Movies
pecheneg
Grab Bag: 4-10 Letters
pecheneg
2024 March Madness Bracket
pecheneg
Famous TV Couples
Peacemaker
Champions League XIs: Real Madrid
pecheneg
Largest US Cities 1790-2010
pecheneg
Rides in Walt Disney World
pecheneg
Most Oscar Losses (Acting)
pecheneg
Beyoncé Albums
pecheneg
Trending Topics
Marvel
NBA
Disney
Kpop
Anime
Crossword
Harry Potter
Puzzle
NFL
Song
Country
Soccer
WWE
The Office
Pokémon
Your Account Isn't Verified!
In order to create a playlist on Sporcle, you need to verify the email address you used during registration. Go to your
Sporcle Settings
to finish the process.
Report this User
Report this user for behavior that violates our
Community Guidelines
.
Details:
Send Report
Go to the Sporcle.com Mobile Site →
Comments